000 00612nam 22002173 4500
001 200779
010 _a972-692-091-4
021 _b50427/91
_aPT
090 _a200779
100 _a20231003d u||y0pory50 ba
200 _aUm homem parado no inverno
_fBaptista-Bastos
205 _a
210 _aLisboa
_cO jornal
_d1991
215 _a162 p.
_cbrochado
_d21 cm
317 _a. -Oferta com dedicatória do escritor ao Prof. Almeida Faria
606 _aLiteratura Portuguesa
_96
675 _a821.134.3-3
_vPT
_zpor
700 _93517
_aBastos
_bBaptista
801 _aPT
_bBMMN
_gRPC
830 _cAna
_fAna
990 _cLIVROS